000 01330pam a2200349 a 4500
999 _c2107
_d2107
001 2944378
003 OSt
005 20251005020003.0
008 900626s1991 nyu 001 0 eng
010 _a 90042357
020 _a0070380074
040 _aDLC
_cDLC
_dDLC
050 0 0 _aQA188
_b.L57 1991
082 0 0 _a512.5
_220
_bLIP 1991
100 1 _aLipschutz, Seymour.
_9714
245 1 0 _aSchaum's Outline of Theory and Problems of Linear Algebra
250 _a2nd ed.
260 _aNew York :
_bMcGraw-Hill,
_c1991.
300 _avii, 453 p. ;
_c27 cm.
490 0 _aSchaum's outline series
500 _aSpine title: Linear algebra.
500 _aIncludes index.
650 0 _aLinear algebra
_95450
740 0 _aOutline of theory and problems of linear algebra.
740 0 _aLinear algebra.
856 4 2 _3Contributor biographical information
_uhttp://www.loc.gov/catdir/enhancements/fy0602/90042357-b.html
856 4 2 _3Publisher description
_uhttp://www.loc.gov/catdir/enhancements/fy0602/90042357-d.html
856 4 1 _3Table of contents only
_uhttp://www.loc.gov/catdir/enhancements/fy0602/90042357-t.html
906 _a7
_bcbc
_corignew
_d1
_eocip
_f19
_gy-gencatlg
942 _2ddc
_cSLOAN
_01